000 00285nam a2200121Ia 4500
008 221102s9999 xx 000 0 und d
041 _aeng
082 _bWil
100 _aWilliam R. Gondin
_994897
245 _aPlato Republic
250 _a4
260 _bRama Brothers
_c1905-07-02
999 _c82034
_d82034